| 000 | 00360nam a2200133Ia 4500 | ||
|---|---|---|---|
| 008 | 151213s9999 xx 000 0 und d | ||
| 100 | _aPhilip Drew | ||
| 245 |
_aRobert Browning of a Collection of Critical Essays _cPhilip Drew |
||
| 260 |
_aNew York _bHoughton Miffin _c1966 |
||
| 300 | _a1877 p. | ||
| 650 | _aEnglish | ||
| 700 | _aPhilip Drew | ||
| 999 |
_c1382 _d1382 |
||